Booker T's Wrestlemania Opponents - Statistics

General Stats
  • This quiz has been taken 80 times
  • The average score is 13 of 22
Answer Stats
Wrestlemania Opponent % Correct
Wrestlemania X8 Edge
88%
Wrestlemania 23** Edge
88%
Wrestlemania XIX Triple H
88%
Wrestlemania 23** Randy Orton
78%
Wrestlemania 23** CM Punk
72%
Wrestlemania 23** Finlay
72%
Wrestlemania 23** Jeff Hardy
72%
Wrestlemania 23** Matt Hardy
72%
Wrestlemania XXVIII*** The Miz
67%
Wrestlemania 23** Mr. Kennedy
66%
Wrestlemania 22 The Boogeyman
57%
Wrestlemania XX* Bubba Ray Dudley
55%
Wrestlemania XX* D-Von Dudley
55%
Wrestlemania XXVIII*** Mark Henry
55%
Wrestlemania XXVIII*** Dolph Ziggler
52%
Wrestlemania XXVIII*** Jack Swagger
45%
Wrestlemania XX* Rene Dupree
45%
Wrestlemania XX* Rob Conway
40%
Wrestlemania XXVIII*** Drew McIntyre
38%
Wrestlemania XXVIII*** David Otunga
34%
Wrestlemania XX* Garrison Cade
33%
Wrestlemania XX* Mark Jindrak
31%
No matching quizzes found
Score Distribution
Percent of People with Each Score
Percentile by Number Answered
Your Score History
You have not taken this quiz